Nhà văn Việt Nam ( 1945 - 1975 )

Sparad:
Bibliografiska uppgifter
Huvudupphovsman: Phan Cự Đệ
Materialtyp: Bok
Taggar: Lägg till en tagg
Inga taggar, Lägg till första taggen!
Thư viện lưu trữ: Mạng thư viện Đại học Đà Nẵng
LEADER 00493nam a2200193 4500
001 000004026
003 154
005 20150812140857.0
008 110714s sd
100 0 |a Phan Cự Đệ 
245 0 0 |a Nhà văn Việt Nam ( 1945 - 1975 )  |c Phan Cự Đệ 
OWN |a LSP 
999 |a From the UDN01 
TYP |a Monograph 
TYP |a Printed language 
980 |a Mạng thư viện Đại học Đà Nẵng